[Event "ARA Cto de Aragon por Equipos Division "]
[Site "Aragon"]
[Date "2021.04.10"]
[Round "4.16"]
[White "Gomez Salinas, Nestor"]
[Black "Galstyan, David"]
[Result "1-0"]
[WhiteElo "2021"]
[BlackElo "1816"]
[PlyCount "113"]
[EventDate "2021.03.13"]
[WhiteTeam "Palacio de Pioneros B"]
[BlackTeam "El Olivar"]

1. e4 e5 2. Nf3 Nc6 3. d4 exd4 4. Bc4 Nf6 5. O-O Nxe4 6. Re1 d5 7. Bxd5 Qxd5 8.
Nc3 Qh5 9. Nxe4 Be6 10. Bg5 Bb4 11. Nxd4 Qxd1 12. Rexd1 Nxd4 13. Rxd4 Be7 14.
Re1 h6 15. Bxe7 Kxe7 16. Nc5 Rhd8 17. Rde4 Rd6 18. f4 b6 19. Na6 Kd8 20. f5 Bd7
21. b4 Kc8 22. Re7 Kb7 23. b5 Rf8 24. c4 Kc8 25. a4 Kd8 26. g4 Rd4 27. R7e4
Rxe4 28. Rxe4 Re8 29. Rd4 Kc8 30. Kf2 c5 31. Rd6 Re4 32. a5 Rxc4 33. axb6 Bxb5
34. bxa7 Kb7 35. a8=Q+ Kxa8 36. Nc7+ Kb7 37. Nxb5 Rxg4 38. Kf3 Rb4 39. Nc3 Rb3
40. Rd3 Kc6 41. h3 g6 42. f6 c4 43. Re3 Kd6 44. Ke4 Rb8 45. Kd4 Rc8 46. Re7 Rd8
47. Ne4+ Kc6+ 48. Kxc4 Ra8 49. Rxf7 Ra4+ 50. Kd3 Ra3+ 51. Nc3 Kd6 52. Re7 Ra1
53. Ne4+ Kd5 54. f7 Rf1 55. Ke3 Rf5 56. h4 h5 57. Ng5 1-0

[Event "ARA Cto de Aragon por Equipos Division "]
[Site "Aragon"]
[Date "2021.04.10"]
[Round "4.17"]
[White "Lopez Gracia, Fernando"]
[Black "Fernandez Rubio, Rafael"]
[Result "1-0"]
[WhiteElo "2299"]
[BlackElo "2066"]
[PlyCount "45"]
[EventDate "2021.03.13"]
[WhiteTeam "Ibercaja"]
[BlackTeam "Tauste"]

1. e4 d6 2. d4 Nf6 3. Nc3 Nbd7 4. Nf3 e5 5. Rg1 c6 6. g4 exd4 7. Nxd4 Nc5 8. f3
g6 9. Be3 h5 10. g5 Nfd7 11. Qd2 Bg7 12. O-O-O O-O 13. Nf5 gxf5 14. exf5 Re8
15. f6 Bf8 16. g6 Qxf6 17. Bg5 Qf5 18. Bh3 Qxh3 19. gxf7+ Kxf7 20. Qf4+ Ke6 21.
Rge1+ Ne5 22. Rxe5+ Kd7 23. Qf7+ 1-0

[Event "ARA Cto de Aragon por Equipos Division "]
[Site "Aragon"]
[Date "2021.04.10"]
[Round "4.18"]
[White "Carbonel Sanchez, Andres"]
[Black "Garcia Vicente, Nieves"]
[Result "0-1"]
[WhiteElo "1940"]
[BlackElo "2156"]
[PlyCount "108"]
[EventDate "2021.03.13"]
[WhiteTeam "Tauste"]
[BlackTeam "Ibercaja"]

1. e4 e5 2. Nf3 Nc6 3. c3 Nf6 4. d4 Nxe4 5. d5 Ne7 6. Nxe5 Ng6 7. Nxg6 hxg6 8.
Bd3 Nc5 9. Bc2 Bd6 10. Be3 b6 11. b4 Nb7 12. g3 a5 13. b5 Be5 14. O-O d6 15.
Re1 Kf8 16. f4 Bf6 17. Qd2 Qd7 18. a4 Qh3 19. Ra3 Bd7 20. Qf2 Re8 21. Nd2 Nc5
22. Nf3 Bf5 23. Bxc5 Rxe1+ 24. Nxe1 dxc5 25. Bxf5 Qxf5 26. Qc2 Qxd5 27. Ra1 Kg8
28. Rd1 Qe6 29. Nf3 Kh7 30. Re1 Qd5 31. Ne5 Re8 32. Rd1 Qe6 33. Re1 Qf5 34. Qe2
Bxe5 35. fxe5 Kg8 36. Qe3 Rd8 37. Rf1 Qe6 38. Qf3 Re8 39. Qf4 Rd8 40. Qg5 Rd5
41. Re1 Rd7 42. Qf4 Qf5 43. e6 fxe6 44. Qe3 Rd3 45. Qe2 Qd5 46. Qg4 Qf5 47. Qc4
Rd5 48. Rf1 Qe5 49. Qh4 Qe3+ 50. Kg2 Rd2+ 51. Kh3 Qe2 52. Rf4 Qxh2+ 53. Kg4
Qe2+ 54. Kh3 Rd1 0-1

[Event "ARA Cto de Aragon por Equipos Division "]
[Site "Aragon"]
[Date "2021.04.10"]
[Round "4.19"]
[White "Torcal Miguel, Oscar"]
[Black "Liarte Marinoso, Aaron"]
[Result "1-0"]
[WhiteElo "2101"]
[BlackElo "1670"]
[PlyCount "71"]
[EventDate "2021.03.13"]
[WhiteTeam "Ibercaja"]
[BlackTeam "Tauste"]

1. e4 c5 2. Nf3 Nc6 3. Bb5 g6 4. O-O Bg7 5. c3 e6 6. d4 cxd4 7. cxd4 Qb6 8.
Bxc6 bxc6 9. Nc3 Nf6 10. Qc2 O-O 11. b3 a5 12. Ba3 Re8 13. Rac1 Bb7 14. h3 Rac8
15. Bc5 Qa6 16. Qd2 d5 17. e5 Nd7 18. Na4 Qb5 19. Nh2 Ba6 20. Rfe1 Ra8 21. Rc3
Rec8 22. Ng4 Nxc5 23. Nxc5 Qb4 24. Rec1 Ra7 25. Qf4 Bb5 26. Nf6+ Kh8 27. h4 h5
28. g4 Be2 29. gxh5 Bxh5 30. Nxh5 gxh5 31. Rg3 Rg8 32. Qg5 Kh7 33. Qxh5+ Bh6
34. Rxg8 Qd2 35. Rd1 Qf4 36. Qg4 1-0

[Event "ARA Cto de Aragon por Equipos Division "]
[Site "Aragon"]
[Date "2021.04.10"]
[Round "4.20"]
[White "Solanas Esteban, Hector"]
[Black "Villalba Embid, Marcos"]
[Result "0-1"]
[WhiteElo "1668"]
[BlackElo "2020"]
[PlyCount "58"]
[EventDate "2021.03.13"]
[WhiteTeam "Tauste"]
[BlackTeam "Ibercaja"]

1. e4 c5 2. Nf3 d6 3. d4 cxd4 4. Nxd4 Nf6 5. Nc3 a6 6. Be3 e5 7. Nf3 Be7 8. Qd2
O-O 9. h3 b5 10. Bd3 Bb7 11. a3 Nbd7 12. g4 Nc5 13. Bxc5 dxc5 14. g5 Nh5 15.
O-O-O Nf4 16. Kb1 c4 17. Be2 Bxg5 18. Nxg5 Qxg5 19. Rdg1 Qe7 20. Qe3 Rab8 21.
Bg4 Bc6 22. Nd5 Bxd5 23. exd5 b4 24. a4 b3 25. c3 Qe8 26. Bf5 g6 27. h4 Qxa4
28. Kc1 Qa1+ 29. Bb1 Nd3+ 0-1

[Event "ARA Cto de Aragon por Equipos Division "]
[Site "Aragon"]
[Date "2021.04.10"]
[Round "4.21"]
[White "Lana Rodriguez, David"]
[Black "Cid Royo, Jonathan"]
[Result "1-0"]
[WhiteElo "2361"]
[BlackElo "2176"]
[PlyCount "43"]
[EventDate "2021.03.13"]
[WhiteTeam "Agrupacion"]
[BlackTeam "L'Aurora"]

1. c4 c5 2. Nf3 Nc6 3. Nc3 d6 4. e3 g6 5. d4 cxd4 6. exd4 Bg7 7. Be2 Nf6 8. d5
Nb8 9. O-O O-O 10. h3 a6 11. Be3 Nbd7 12. b4 b6 13. Nd4 Re8 14. f4 Nf8 15. Bf3
Bd7 16. Nc6 Bxc6 17. dxc6 Qc7 18. Rc1 e6 19. a4 d5 20. cxd5 exd5 21. Bd4 Rad8
22. Bxf6 1-0

[Event "ARA Cto de Aragon por Equipos Division "]
[Site "Aragon"]
[Date "2021.04.10"]
[Round "4.22"]
[White "Cid Royo, Oscar"]
[Black "Moreno Martin-Viveros, Alvaro"]
[Result "0-1"]
[WhiteElo "2039"]
[BlackElo "2151"]
[PlyCount "56"]
[EventDate "2021.03.13"]
[WhiteTeam "L'Aurora"]
[BlackTeam "Agrupacion"]

1. d4 Nf6 2. g3 g6 3. Bg2 Bg7 4. e4 O-O 5. e5 Ne8 6. f4 d6 7. Nf3 dxe5 8. fxe5
c5 9. c3 Nc6 10. O-O Bg4 11. Be3 Nc7 12. Qa4 Nd5 13. Bf2 Nb6 14. Qd1 cxd4 15.
cxd4 Qd7 16. Nc3 Rad8 17. Ne2 Bh6 18. Qb3 Nd5 19. Rfe1 Na5 20. Qa3 Nc4 21. Qb3
Nde3 22. Bh1 b6 23. Nf4 Bxf3 24. Bxf3 g5 25. Bxe3 gxf4 26. Qxc4 fxe3 27. d5 Qf5
28. Qd4 Qxf3 0-1

[Event "ARA Cto de Aragon por Equipos Division "]
[Site "Aragon"]
[Date "2021.04.10"]
[Round "4.23"]
[White "Lacruz Algarate, Alvaro"]
[Black "Pellicer Cerezuela, Miguel"]
[Result "1/2-1/2"]
[WhiteElo "2097"]
[BlackElo "2029"]
[PlyCount "43"]
[EventDate "2021.03.13"]
[WhiteTeam "Agrupacion"]
[BlackTeam "L'Aurora"]

1. e4 e6 2. d4 d5 3. e5 c5 4. c3 Nc6 5. Nf3 Nh6 6. Bd3 Qb6 7. O-O cxd4 8. cxd4
Nf5 9. Bxf5 exf5 10. Nc3 Be6 11. a3 h6 12. b4 Be7 13. Qd3 O-O 14. Na4 Qc7 15.
Bd2 a6 16. Rac1 b5 17. Nc5 Qb6 18. Rc2 Bxc5 19. Rxc5 Rfc8 20. Rfc1 Ne7 21. Ne1
Rxc5 22. Rxc5 1/2-1/2

[Event "ARA Cto de Aragon por Equipos Division "]
[Site "Aragon"]
[Date "2021.04.10"]
[Round "4.24"]
[White "Felez Casedas, Carlos"]
[Black "Conon, Catalin"]
[Result "1/2-1/2"]
[WhiteElo "1976"]
[BlackElo "1654"]
[PlyCount "66"]
[EventDate "2021.03.13"]
[WhiteTeam "L'Aurora"]
[BlackTeam "Agrupacion"]

1. e4 e5 2. Nf3 Nc6 3. Bc4 Bc5 4. c3 Nf6 5. d3 d6 6. b4 Bb6 7. h3 h6 8. O-O O-O
9. Re1 Ne7 10. Nbd2 Ng6 11. Nf1 Be6 12. Bb3 Bxb3 13. Qxb3 Nh5 14. a4 a6 15. a5
Ba7 16. Be3 Nhf4 17. Bxa7 Rxa7 18. d4 Qf6 19. dxe5 dxe5 20. c4 Rd8 21. Rad1
Raa8 22. Ng3 Nh4 23. Nxh4 Qxh4 24. Qf3 Qf6 25. Ne2 Nxe2+ 26. Qxe2 b6 27. axb6
Qxb6 28. Qb2 a5 29. Qxe5 axb4 30. c5 Qb7 31. Rxd8+ Rxd8 32. Qe7 Rf8 33. c6 Qxc6
1/2-1/2

[Event "ARA Cto de Aragon por Equipos Division "]
[Site "Aragon"]
[Date "2021.04.10"]
[Round "4.25"]
[White "Arrieta Restrepo, Steven"]
[Black "Hinojar Basa, Alfonso"]
[Result "1/2-1/2"]
[WhiteElo "2052"]
[BlackElo "2163"]
[PlyCount "72"]
[EventDate "2021.03.13"]
[WhiteTeam "Monzon"]
[BlackTeam "Marcos Frechin"]

1. e4 c5 2. Nc3 Nc6 3. Bb5 Nd4 4. Nf3 e6 5. O-O Ne7 6. Nxd4 cxd4 7. Ne2 a6 8.
Bd3 Nc6 9. c3 Bc5 10. b4 Bb6 11. a4 d6 12. Bb2 dxc3 13. Bxc3 e5 14. Kh1 d5 15.
b5 d4 16. bxc6 dxc3 17. cxb7 Bxb7 18. dxc3 O-O 19. Rb1 Rb8 20. Qc2 Qc7 21. f3
Rfd8 22. Rfd1 Rd6 23. c4 Rbd8 24. Nc3 Rh6 25. Nd5 Bxd5 26. cxd5 Qe7 27. h3 Be3
28. Bf1 Qg5 29. g4 Qf4 30. Bg2 Qg3 31. Rd3 Bf4 32. Kg1 Rxh3 33. Kf1 Rh2 34. Rb2
h5 35. gxh5 Qh4 36. Rdb3 Rh1+ 1/2-1/2

[Event "ARA Cto de Aragon por Equipos Division "]
[Site "Aragon"]
[Date "2021.04.10"]
[Round "4.26"]
[White "Jario Garcia, Ricardo"]
[Black "Barranco Mananet, Fernando"]
[Result "1/2-1/2"]
[WhiteElo "2045"]
[BlackElo "1969"]
[PlyCount "65"]
[EventDate "2021.03.13"]
[WhiteTeam "Marcos Frechin"]
[BlackTeam "Monzon"]

1. e4 c5 2. Nf3 e6 3. d3 Nc6 4. g3 d5 5. Nbd2 Nf6 6. Bg2 Be7 7. O-O O-O 8. Re1
dxe4 9. dxe4 e5 10. c3 h6 11. Qc2 Be6 12. Bf1 a6 13. a4 Qa5 14. Nc4 Qc7 15. Ne3
Na5 16. Nd5 Nxd5 17. exd5 Bxd5 18. Nxe5 Bd6 19. Qf5 Be6 20. Qh5 Bxe5 21. Rxe5
Bg4 22. Rxc5 Qb6 23. Qxg4 Qxc5 24. Bxh6 Qe5 25. Bf4 Qe6 26. Qh5 f5 27. Qe2 Qxe2
28. Bxe2 Nc6 29. h4 g6 30. Bg5 Rfe8 31. Kf1 Ne5 32. Rd1 Rac8 33. f4 1/2-1/2

[Event "ARA Cto de Aragon por Equipos Division "]
[Site "Aragon"]
[Date "2021.04.10"]
[Round "4.27"]
[White "Hidalgo Gracia, Andres"]
[Black "Ciriano Lamban, Alejandro"]
[Result "0-1"]
[WhiteElo "1822"]
[BlackElo "2030"]
[PlyCount "60"]
[EventDate "2021.03.13"]
[WhiteTeam "Monzon"]
[BlackTeam "Marcos Frechin"]

1. c4 Nf6 2. Nc3 g6 3. g3 Bg7 4. Bg2 O-O 5. Nf3 d6 6. O-O e5 7. d3 c6 8. Bd2
Nbd7 9. Rb1 a5 10. a3 Re8 11. e3 Nc5 12. Qe2 Bf5 13. e4 Bd7 14. Be3 Ne6 15.
Rfc1 Ng4 16. Bd2 f5 17. b4 f4 18. b5 g5 19. bxc6 bxc6 20. h3 Nf6 21. Be1 h5 22.
Nh2 Nd4 23. Qb2 g4 24. hxg4 hxg4 25. gxf4 exf4 26. f3 g3 27. Nf1 Nh5 28. Qd2
Qh4 29. Rb7 Nxf3+ 30. Bxf3 Bd4+ 0-1

[Event "ARA Cto de Aragon por Equipos Division "]
[Site "Aragon"]
[Date "2021.04.10"]
[Round "4.28"]
[White "Moya Gimeno, Raul"]
[Black "Buil Solana, Mario"]
[Result "1-0"]
[WhiteElo "1870"]
[BlackElo "1426"]
[PlyCount "57"]
[EventDate "2021.03.13"]
[WhiteTeam "Marcos Frechin"]
[BlackTeam "Monzon"]

1. e4 c5 2. Nf3 Nc6 3. d4 cxd4 4. Nxd4 e5 5. Nb5 a6 6. Nd6+ Bxd6 7. Qxd6 Qf6 8.
Qd1 Qg6 9. Nc3 d5 10. Nxd5 Qxe4+ 11. Be3 Nd4 12. Nc7+ Ke7 13. Qd3 Nxc2+ 14. Kd2
Qxd3+ 15. Bxd3 Nxe3 16. Kxe3 Rb8 17. Nd5+ Kd6 18. Bc4 b5 19. Bb3 Ne7 20. Rhd1
Rd8 21. Nb4+ Kc5 22. Rxd8 Kxb4 23. Rc1 f5 24. Rc7 f4+ 25. Kd2 Rb7 26. Rxb7 Bxb7
27. Rd7 Bxg2 28. Rxe7 e4 29. Rxg7 1-0

[Event "ARA Cto de Aragon por Equipos Division "]
[Site "Aragon"]
[Date "2021.04.10"]
[Round "4.29"]
[White "Luis Vitalla, Fernando"]
[Black "Llanes Luno, Ricardo"]
[Result "1/2-1/2"]
[WhiteElo "2123"]
[BlackElo "2199"]
[PlyCount "90"]
[EventDate "2021.03.13"]
[WhiteTeam "Atletismo Huesca"]
[BlackTeam "Delicias"]

1. d4 d5 2. Bf4 Nf6 3. e3 e6 4. Nf3 Bd6 5. Bg3 O-O 6. Nbd2 c5 7. c3 b6 8. Ne5
Bxe5 9. dxe5 Ne4 10. Bd3 Nxd2 11. Qxd2 Ba6 12. Rd1 Bxd3 13. Qxd3 Nc6 14. O-O f5
15. exf6 Qxf6 16. e4 Rad8 17. exd5 exd5 18. Rfe1 d4 19. Qe4 h6 20. Rd3 Qf5 21.
Qxf5 Rxf5 22. cxd4 c4 23. Rd2 b5 24. a3 Kf7 25. f3 Rxd4 26. Rxd4 Nxd4 27. Re5
Kf6 28. Rxf5+ Nxf5 29. Bb8 a5 30. Bc7 a4 31. Kf2 Ke6 32. Bb6 g6 33. g4 Ne7 34.
Bd4 Nd5 35. Ke2 h5 36. Bg7 h4 37. Bd4 g5 38. Kd2 h3 39. Bg7 Nf4 40. Ke3 Kd5 41.
Bf6 Ne6 42. Bc3 Nf4 43. Bf6 Nd3 44. Bc3 Ne5 45. Ke2 Nd3 1/2-1/2

[Event "ARA Cto de Aragon por Equipos Division "]
[Site "Aragon"]
[Date "2021.04.10"]
[Round "4.30"]
[White "Roche Simon, Manuel Angel"]
[Black "Salamero Pelay, Fernando"]
[Result "1/2-1/2"]
[WhiteElo "2046"]
[BlackElo "2059"]
[PlyCount "73"]
[EventDate "2021.03.13"]
[WhiteTeam "Delicias"]
[BlackTeam "Atletismo Huesca"]

1. e4 Nf6 2. e5 Nd5 3. d4 d6 4. Nf3 dxe5 5. Nxe5 c6 6. c4 Nf6 7. Nc3 g6 8. Be2
Bg7 9. Be3 Nbd7 10. f4 h5 11. h3 h4 12. Qd2 Nxe5 13. fxe5 Nh5 14. O-O-O Qa5 15.
Bd3 Ng3 16. Rhe1 Bf5 17. Bxf5 Nxf5 18. Kb1 O-O-O 19. Bf2 e6 20. Ne4 Qxd2 21.
Rxd2 b6 22. Kc2 Rd7 23. Red1 Rhd8 24. Rd3 Kc7 25. Ng5 Bf8 26. Nf3 Be7 27. a3 g5
28. b4 Rg8 29. Nh2 Nh6 30. Be3 Nf5 31. Bf2 Nh6 32. Be3 Nf5 33. Bc1 Rgd8 34. Nf3
Rg8 35. Nh2 Rgd8 36. Nf3 Rg8 37. Nh2 1/2-1/2

[Event "ARA Cto de Aragon por Equipos Division "]
[Site "Aragon"]
[Date "2021.04.10"]
[Round "4.31"]
[White "Gella Bitrian, Diego"]
[Black "Llanes Luno, Pedro Alfredo"]
[Result "0-1"]
[WhiteElo "2052"]
[BlackElo "2005"]
[PlyCount "128"]
[EventDate "2021.03.13"]
[WhiteTeam "Atletismo Huesca"]
[BlackTeam "Delicias"]

1. e4 c5 2. Nf3 Nc6 3. d4 cxd4 4. Nxd4 Nf6 5. Nc3 g6 6. Be3 Bg7 7. Qd2 Ng4 8.
Nxc6 dxc6 9. Qxd8+ Kxd8 10. Bf4 Be6 11. Be2 Ne5 12. Be3 Kc7 13. O-O-O Rhd8 14.
Bc5 Rxd1+ 15. Rxd1 Re8 16. f4 Bh6 17. g3 b6 18. Bg1 Nc4 19. Rd4 Nd6 20. a4 f5
21. Bf3 fxe4 22. Nxe4 c5 23. Rd1 Nxe4 24. Bxe4 Bd7 25. Kb1 e5 26. fxe5 Rxe5 27.
Bd3 Bxa4 28. g4 Bd7 29. h3 Bf4 30. Rf1 Bg3 31. Ka2 Be6+ 32. b3 Re1 33. Bf2 Bxf2
34. Rxf2 Re3 35. Rh2 Kd6 36. Bf1 Ke5 37. Rf2 Bd5 38. Rf8 Rf3 39. Re8+ Kd4 40.
Bg2 Rc3 41. Bxd5 Kxd5 42. Re7 Rxh3 43. Rxa7 b5 44. Rb7 b4 45. Rd7+ Ke6 46. Rc7
Kd6 47. Rg7 Rh4 48. g5 Rh5 49. Kb2 Rxg5 50. Rxh7 Ke5 51. Rg7 Rg3 52. Rg8 g5 53.
Rg7 Kf4 54. Rf7+ Kg4 55. Rh7 Rc3 56. Rg7 Kf4 57. Rf7+ Kg3 58. Rg7 g4 59. Rg8
Kf3 60. Rf8+ Kg2 61. Rg8 g3 62. Rg5 Kf2 63. Rf5+ Kg1 64. Rd5 g2 0-1

[Event "ARA Cto de Aragon por Equipos Division "]
[Site "Aragon"]
[Date "2021.04.10"]
[Round "4.32"]
[White "Molina Pastor, Francisco"]
[Black "Laplaza Ara, Carlos"]
[Result "1/2-1/2"]
[WhiteElo "2024"]
[BlackElo "1928"]
[PlyCount "70"]
[EventDate "2021.03.13"]
[WhiteTeam "Delicias"]
[BlackTeam "Atletismo Huesca"]

1. Nf3 d5 2. d4 Nf6 3. c4 e6 4. Nc3 Be7 5. Bg5 O-O 6. e3 Nbd7 7. Bd3 dxc4 8.
Bxc4 c6 9. O-O Nd5 10. Bxe7 Qxe7 11. Qd2 Nxc3 12. Qxc3 c5 13. e4 cxd4 14. Nxd4
b6 15. Rac1 Bb7 16. Qe3 Rac8 17. a3 Rfd8 18. Ba2 Ne5 19. Rxc8 Rxc8 20. h3 h6
21. Re1 Nc6 22. e5 Qc5 23. Nf3 Qxe3 24. Rxe3 Ne7 25. Nd4 Bd5 26. Bxd5 Nxd5 27.
Re2 Kf8 28. g3 Ke7 29. Kg2 a6 30. f4 g6 31. Kf3 h5 32. g4 hxg4+ 33. hxg4 Rh8
34. Kg3 Rc8 35. Rc2 Rxc2 1/2-1/2

[Event "Cto de Aragon por Equipos Preferente"]
[Site "?"]
[Date "2021.04.10"]
[Round "4.33"]
[White "Garcia Monterde, Francisco Jose"]
[Black "Flores Samperiz, Jorge"]
[Result "0-1"]
[WhiteElo "1850"]
[BlackElo "1939"]
[PlyCount "58"]
[EventDate "2021.03.13"]
[WhiteTeam "IberCaja B"]
[BlackTeam "Helios B"]

1. c4 Nf6 2. g3 g6 3. Bg2 Bg7 4. Nc3 O-O 5. Nf3 d6 6. d4 Nbd7 7. O-O c6 8. Bg5
h6 9. Bxf6 Nxf6 10. h3 Nd7 11. Qc2 a6 12. a4 Qc7 13. e3 Rb8 14. Qe2 e5 15. d5
Nc5 16. Nd2 f5 17. b4 Nd7 18. e4 Nf6 19. Kh2 Bd7 20. Rfc1 Rf7 21. Rab1 Rbf8 22.
Rf1 cxd5 23. Nxd5 Nxd5 24. cxd5 Bxa4 25. Rfc1 Qd8 26. exf5 Bb5 27. Qe3 gxf5 28.
f4 e4 29. Nb3 Bd3 0-1

[Event "Cto de Aragon por Equipos Preferente"]
[Site "?"]
[Date "2021.04.10"]
[Round "4.34"]
[White "Anson Casaos, Alejandro"]
[Black "Garcia Acin, Pablo"]
[Result "0-1"]
[WhiteElo "1829"]
[BlackElo "1623"]
[PlyCount "108"]
[EventDate "2021.03.13"]
[WhiteTeam "Helios B"]
[BlackTeam "IberCaja B"]

1. e4 c5 2. Nf3 d6 3. d4 Nf6 4. Nc3 cxd4 5. Nxd4 a6 6. Be2 e5 7. Nf3 Be7 8. O-O
h6 9. h3 Be6 10. Be3 O-O 11. Nh2 d5 12. exd5 Nxd5 13. Nxd5 Bxd5 14. Nf3 Nc6 15.
c4 Be6 16. Qc2 Rc8 17. Rfd1 Qc7 18. b3 f5 19. a3 Bf6 20. Rac1 Rfd8 21. Rxd8+
Rxd8 22. b4 e4 23. Nh2 Ne5 24. c5 Nd3 25. Rd1 f4 26. Bc1 f3 27. Bxd3 exd3 28.
Rxd3 fxg2 29. Rxd8+ Qxd8 30. Kxg2 Qd5+ 31. f3 h5 32. Qe4 Qd7 33. h4 Bh3+ 34.
Kg3 Bf5 35. Qf4 Qe6 36. Qe3 Qf7 37. Qf4 Qg6+ 38. Kf2 Bh3 39. Ke2 Qe8+ 40. Be3
Be5 41. Qe4 Qb5+ 42. Kf2 Bxh2 43. Qd5+ Kf8 44. Qd1 Qd7 45. Qxd7 Bxd7 46. f4 g5
47. hxg5 h4 48. Kg2 Bg3 49. Kf3 Kf7 50. Bd4 Kg6 51. Ke4 h3 52. Bg1 h2 53. Bxh2
Bxh2 54. Kd4 Bxf4 0-1

[Event "Cto de Aragon por Equipos Preferente"]
[Site "?"]
[Date "2021.04.10"]
[Round "4.35"]
[White "Torcal Miguel, Paula"]
[Black "Gonzalez Azuara, Javier"]
[Result "0-1"]
[WhiteElo "1587"]
[BlackElo "1715"]
[PlyCount "60"]
[EventDate "2021.03.13"]
[WhiteTeam "IberCaja B"]
[BlackTeam "Helios B"]

1. e4 e6 2. d4 d5 3. exd5 exd5 4. Bd3 Nf6 5. Bg5 Be7 6. Nc3 O-O 7. Nge2 c6 8.
Qd2 Bg4 9. f3 Bh5 10. g4 Bg6 11. O-O-O Nbd7 12. Rde1 b5 13. Ng3 Re8 14. Nd1 Nf8
15. Ne3 Ne6 16. Nef5 Nxg5 17. Nxe7+ Rxe7 18. Qxg5 Rxe1+ 19. Rxe1 Bxd3 20. cxd3
h6 21. Qd2 Qb6 22. Nf5 Re8 23. Rg1 Nh7 24. h4 Re6 25. f4 Qd8 26. h5 Qe8 27. Qf2
Re2 28. Qg3 Qf8 29. g5 Qb4 30. Nxh6+ Kf8 0-1

[Event "Cto de Aragon por Equipos Preferente"]
[Site "?"]
[Date "2021.04.10"]
[Round "4.36"]
[White "Lorente Melcon, Hector"]
[Black "Mallen Torrijo, Nicolas Jose"]
[Result "1-0"]
[WhiteElo "1361"]
[BlackElo "1423"]
[PlyCount "59"]
[EventDate "2021.03.13"]
[WhiteTeam "Helios B"]
[BlackTeam "IberCaja B"]

1. e4 c5 2. Nf3 Nc6 3. d4 cxd4 4. Nxd4 g6 5. Nc3 Bg7 6. Be3 Nf6 7. Be2 O-O 8.
O-O d5 9. Nxc6 bxc6 10. exd5 Nxd5 11. Qd2 Nxe3 12. Qxe3 Qb6 13. Rab1 Qxe3 14.
fxe3 Be6 15. a3 Rab8 16. Bf3 c5 17. Rfd1 g5 18. Rd3 c4 19. Rdd1 Rfd8 20. Rxd8+
Rxd8 21. Ne4 g4 22. Be2 Bf5 23. Nc3 Bxc2 24. Rc1 Bf5 25. Bxc4 Rd2 26. e4 Bxc3
27. bxc3 Bxe4 28. Bf1 Ra2 29. Re1 f5 30. Bc4+ 1-0

[Event "Cto de Aragon por Equipos Preferente"]
[Site "?"]
[Date "2021.04.10"]
[Round "4.38"]
[White "Carruez Berges, Santiago"]
[Black "Dominguez Luzon, Fernando"]
[Result "0-1"]
[WhiteElo "1998"]
[BlackElo "1940"]
[PlyCount "81"]
[EventDate "2021.03.13"]
[WhiteTeam "Agrupacion B"]
[BlackTeam "Delicias B"]

1. e4 c5 2. d4 cxd4 3. c3 Nf6 4. e5 Nd5 5. Nf3 e6 6. cxd4 Nc6 7. a3 d6 8. Bd3
Be7 9. O-O O-O 10. Qc2 h6 11. Qe2 f5 12. exf6 Nxf6 13. Nc3 d5 14. Bc2 Qe8 15.
Qd3 Bd6 16. Qg6 Qxg6 17. Bxg6 Bd7 18. Be3 a6 19. Na4 Ne7 20. Bc2 Rac8 21. Bb3
Bb5 22. Rfc1 Nf5 23. Nb6 Rc6 24. Rxc6 Bxc6 25. Re1 g5 26. Ne5 Nxe3 27. Rxe3 Ne4
28. Nd3 Bb5 29. f3 Nd2 30. Bd1 Bf4 31. Nxf4 Rxf4 32. a4 Nc4 33. Nxc4 Bxc4 34.
Rxe6 Rxd4 35. Re1 a5 36. b3 Ba6 37. Bc2 Rd2 38. Bf5 d4 39. Rc1 d3 40. Kf1 Kg7
41. Rc7+ 0-1

[Event "Cto de Aragon por Equipos Preferente"]
[Site "?"]
[Date "2021.04.10"]
[Round "4.39"]
[White "Moreno Burillo, Marcos Antonio"]
[Black "Serrat Claver, David"]
[Result "0-1"]
[WhiteElo "1586"]
[BlackElo "1898"]
[PlyCount "46"]
[EventDate "2021.03.13"]
[WhiteTeam "Delicias B"]
[BlackTeam "Agrupacion B"]

1. d4 Nf6 2. Nf3 e6 3. Bg5 d5 4. e3 c5 5. c3 Nbd7 6. Nbd2 Qc7 7. Bd3 Bd6 8. O-O
O-O 9. Rc1 b6 10. c4 Bb7 11. cxd5 exd5 12. Re1 Rfe8 13. Bb5 Ne4 14. Nxe4 dxe4
15. Ne5 Nxe5 16. Bxe8 Nd3 17. Ba4 Bxh2+ 18. Kf1 Ba6 19. Qe2 Qc8 20. Bb5 Bxb5
21. g4 Ba6 22. Kg2 Nf4+ 23. exf4 Bxf4 0-1

[Event "Cto de Aragon por Equipos Preferente"]
[Site "?"]
[Date "2021.04.10"]
[Round "4.40"]
[White "Casasnovas Sanchez, Raul"]
[Black "Dominguez Velazquez, Jesus"]
[Result "1-0"]
[WhiteElo "1455"]
[BlackElo "1489"]
[PlyCount "67"]
[EventDate "2021.03.13"]
[WhiteTeam "Agrupacion B"]
[BlackTeam "Delicias B"]

1. d4 Nf6 2. c4 e5 3. dxe5 Ng4 4. Bf4 Bb4+ 5. Nd2 Nc6 6. Ngf3 Qe7 7. e3 Ngxe5
8. Nxe5 Nxe5 9. a3 Bxd2+ 10. Qxd2 d6 11. Be2 Be6 12. Qc3 f6 13. c5 Bd5 14. cxd6
cxd6 15. O-O O-O 16. Rfd1 Bc6 17. Rd4 Rac8 18. Rad1 Ba4 19. Qb4 Bxd1 20. Rxd1
Rc5 21. h3 Rfc8 22. Rd2 Kh8 23. Qa4 g5 24. Bg3 Qc7 25. Qxa7 Ra5 26. Qd4 Rd8 27.
h4 h6 28. hxg5 hxg5 29. f4 gxf4 30. exf4 Raa8 31. fxe5 dxe5 32. Qh4+ Kg7 33.
Qg4+ Kf7 34. Bc4+ 1-0

[Event "Cto de Aragon por Equipos Preferente"]
[Site "?"]
[Date "2021.04.10"]
[Round "4.41"]
[White "Chueca Lorente, Javier"]
[Black "Veras Sanz, Marino"]
[Result "1/2-1/2"]
[WhiteElo "2098"]
[BlackElo "2073"]
[PlyCount "104"]
[EventDate "2021.03.13"]
[WhiteTeam "MyInvestor Casablanca B"]
[BlackTeam "El Olivar B"]

1. c4 c5 2. g3 g6 3. Bg2 Bg7 4. Nc3 Nc6 5. e3 e5 6. Nge2 Nge7 7. O-O O-O 8. Rb1
d6 9. a3 Be6 10. d3 d5 11. cxd5 Nxd5 12. Nxd5 Bxd5 13. e4 Ba2 14. Ra1 Be6 15.
Be3 b6 16. Rc1 Qd7 17. Nc3 Rad8 18. Nd5 Bxd5 19. exd5 Ne7 20. Bg5 f6 21. Bd2
Nxd5 22. b4 cxb4 23. axb4 Kh8 24. Qb3 Qb5 25. Ra1 a5 26. Rfb1 Nxb4 27. Bxb4
axb4 28. Qxb4 Qxb4 29. Rxb4 Rxd3 30. Ra7 Kg8 31. Bf1 Rd4 32. Bc4+ Kh8 33. Re7
Rb8 34. Ra4 b5 35. Raa7 bxc4 36. Rxg7 Rbd8 37. Rxh7+ Kg8 38. Rag7+ Kf8 39. Rc7
Kg8 40. Rhg7+ Kf8 41. Rgf7+ Kg8 42. Rxf6 R4d6 43. Rff7 c3 44. Rg7+ Kf8 45. Rh7
Kg8 46. Rhe7 Rd2 47. Rxc3 Rf8 48. Rcc7 Rfxf2 49. Rc8+ Rf8 50. Rxf8+ Kxf8 51.
Rxe5 Kg7 52. h4 Kf6 1/2-1/2